Código de proteção e defesa do consumidor e legislação correlata / (Record no. 1412)

MARC details
000 -LÍDER
Campo Fixo de Controle 00794nam a2200241 a 4500
001 - NÚMERO DE CONTROLE
Campo de Controle 1412
003 - IDENTIFICAÇÃO DO NÚMERO DE CONTROLE
Campo de Controle BR-CuiBMT
005 - DATA E HORA DA ÚLTIMA ATUALIZAÇÃO
Campo de Controle 20231207001226.0
008 - DADOS FIXOS
Dados Fixos 231113s2009 dfb 000 0 por d
040 ## - AGÊNCIA CATALOGADORA
Código da Agência Catalogadora BR-CuiBMT
Agência que transcreveu o registro BR-CuiBMT
080 ## - Nº DA CLASSIFICAÇÃO DECIMAL UNIVERSAL
Nº edição CDU 2007
Nº Class. CDU 366.5
Subd. Auxiliar Comum (094.5)
090 ## - NÚMERO DE CHAMADA
Nº classificação 366.5(094.5)
Cutter B823c
110 ## - ENTRADA PRINCIPAL -- ENTIDADE
Nome da entidade ou lugar Brasil.
Unidade subordinada Senado Federal.
Local de realização do evento Brasília.
240 1# - TÍTULO UNIFORME/ORIGINAL
Título original Código de proteção e defesa do consumidor (1990)
245 00 - TÍTULO PRINCIPAL
Título principal Código de proteção e defesa do consumidor e legislação correlata /
Indicação de responsabilidade Gilberto Goellner.
260 ## - PUBLICAÇÃO, DISTRIBUIÇÃO, ETC.
Local de publicação Brasília :
Editora Senado Federal,
Data 2009.
300 ## - DESCRIÇÃO FÍSICA
N. páginas ou volumes 100p. ;
Dimensões 23 cm
504 ## - NOTA DE BIBLIOGRAFIA, ETC.
Nota de bibliografia Inclui índice.
650 ## - ASSUNTO TÓPICO
Cabeçalho tópico ou nome geográfico Consumidores
Subdivisão geral Proteção legal
Subdivisão geográfica Brasil
650 ## - ASSUNTO TÓPICO
Cabeçalho tópico ou nome geográfico Defesa do consumidor
Subdivisão geográfica Brasil
700 1# - ENTRADA SECUNDÁRIA -- NOME PESSOAL
Nome pessoal Goellner, Gilberto
Datas associadas ao nome 1947-
942 ## - ELEMENTOS DE ENTRADA ADICIONAIS (KOHA)
Fonte de classificação ou esquema de arquivamento Classificação Decimal Universal
Tipo de item do Koha Livros
Holdings
Estado: removido Estado: perdido Fonte de classificação ou esquema de arquivamento Estado: danificado Indisponível para empréstimo Localização permanente Localização atual Data de aquisição Total Checkouts Número de Chamada completo Código de barras Date last seen Número do exemplar Preço efetivo a partir de Tipo de item (Koha)
    Classificação Decimal Universal     Biblioteca da Escola Superior de Contas do TCE/MT Biblioteca da Escola Superior de Contas do TCE/MT 06/12/2023   366.5(094.5) B823c BIBTCEMT23120296 07/12/2023 Ex. 1 07/12/2023 Livros

Powered by Koha